000 00848nam a2200265Ia 4500
003 OSt
005 20220918171337.0
006 a|||||r|||| 00| 0
007 ta
008 220917b |||||||| |||| 00| 0 eng d
020 _a9781509541300 (pbk)
_cUSD 26.95
024 _a354,787
037 _b14477, 14/12/2021, Elite Publishers Distributors
_cTextual
040 _aARTS
_cARTS
_beng
041 _2eng
_aeng
082 _aV1:17, R1
100 _aBhambra Gurminder K. Au.
_935995
245 0 _aColonialism and modern social theory
260 _aCambridge
_bPolity uk
_c2021
300 _ax,257p.
_ccm.
650 _aHISTORY
700 _a Holmwood John Au.
_935996
942 _hV1:17, R1
_cTEXL
_2CC
999 _c139158
_d139158